000 004810000a22001810004500
001 004811
003 MACL
005 20150828162436.0
008 150828b xxu||||| |||| 00| 0 eng d
040 _aMACL
_cMACL
041 _aEnglish
082 _a791.43/KAP
100 _aKapur, anuradha
_97937
245 _aActors, Pilgrims, Kings and Gods The Ramlila At Ramnagar
_canuradha Kapur
260 _aCalcutta
_c2004
_bSeagull books,
650 _aArts
_97938
942 _k791
_cBK
_2ddc
999 _c16696
_d16696